000 00337nam a2200145 i 4500
001 bg
100 1 _aBACHMACZ, Waldemar
245 0 _aWytrzymałość materiałów /
_cW. Bachmacz.
260 _aCzęstochowa,
_c1979.
040 _cBPK
041 _apol
080 _a620.1
942 _cKS
008 s pl f |000 0 pol
999 _c18889
_d18889
856 _uhttp://koha.tu.koszalin.pl/cgi-bin/koha/opac-detail.pl?biblionumber=18889
_yKatalog online BPK